000 00652nam a2200217 i 4500
001 133736
003 ES-MaACL
005 20250918214858.0
007 t|
008 070827s1946 ag ||||1| spa d
100 1 _aWoolf, Virginia,
_d1882-1941
_9240179
245 1 0 _aAl faro /
_cVirginia Woolf ; traducción de Antonio Marichalar.
250 _a[2ª ed.].
260 _aBuenos Aires :
_bEditorial Sudamericana,
_c[1946]
300 _a316 p. ;
_c19 cm.
490 1 _aHorizonte
700 1 _aMarichalar, Antonio,
_d1893-1973
_976704
830 0 _aHorizonte
_9180916
852 _aES-MaACL
_jD-5813
_bR.30198
999 _c133736
_d133736